000 00263nam a22000977a 4500
999 _c515310
_d515310
082 _aTNC A99 R141
100 _aChetanananda, Swami
_920669
245 _aRamakrishna as we saw him
_cedited by Swami Chetanananda
260 _aCalcutta
_bAdvaita
_c1990
300 _a495p.